| 000 | 00573nam a22001817a 4500 | ||
|---|---|---|---|
| 005 | 20231114123431.0 | ||
| 008 | 231114b |||||||| |||| 00| 0 eng d | ||
| 020 | _a0702120669 | ||
| 041 | _aEnglish | ||
| 082 | _a344.6 MCK | ||
| 100 |
_aMcKenzie, HS _lEnglish |
||
| 245 |
_aThe Law of Building and Engineering Contracts and Arbitration / _cHS McKenzie |
||
| 250 | _aFourth Edition | ||
| 260 |
_aCape Town : _bJuta and Company Ltd, _c1988 |
||
| 300 |
_bxxxiii, 316 pages ; _c26 cm. |
||
| 650 |
_aLegal practice _bLaw |
||
| 942 |
_cBK _6ALISON_BN_VRIES |
||
| 999 |
_c628 _d628 |
||